| 000 | 00701nam a2200241 a 4500 | ||
|---|---|---|---|
| 008 | |||
| 020 | _a1868640728 (pbk.) | ||
| 049 | _aMAIN | ||
| 090 |
_aHF5415 _bMAR |
||
| 245 | 1 | 0 |
_aMarketing success stories / _cedited by Michael Cant, Ricardo Machado |
| 260 |
_aJohannesburg : _bInternational Thomson, _c1998. |
||
| 300 | _a3rd ed. | ||
| 300 |
_axii, 387 p. _bill. ; _c23 cm. |
||
| 504 | _aIncludes bibliographical references. | ||
| 650 | _aMarketing. | ||
| 700 | _aMachado, Ricardo | ||
| 700 | _aCant, Michael | ||
| 907 |
_a.b1010737x _b23-04-12 _c22-01-04 |
||
| 003 | |||
| 005 | 20230123133608.0 | ||
| 040 | _cNUST | ||
| 942 |
_cBOOKS _kHF5415 _mMAR |
||
| 999 |
_c151302 _d151302 |
||